Nuevos amores / (Record no. 45407)

MARC details
000 -LEADER
campo de control de longitud fija 00782nam a2200229 i 4500
001 - NÚMERO DE CONTROL
campo de control 45407
003 - IDENTIFICADOR DE NÚMERO DE CONTROL
campo de control ES-MaACL
005 - FECHA Y HORA DE LA ÚLTIMA TRANSACCIÓN
campo de control 20230906161219.0
007 - CAMPO FIJO DE DESCRIPCIÓN FÍSICA--INFORMACIÓN GENERAL
campo de control de longitud fija t|
008 - DATOS DE LONGITUD FIJA--INFORMACIÓN GENERAL
campo de control de longitud fija 030326q1907 sp ||||1| spa d
100 1# - ENTRADA PRINCIPAL--NOMBRE DE PERSONA
Nombre de persona Coelho, Trindade.
9 (RLIN) 39453
245 10 - MENCIÓN DEL TÍTULO
Título Nuevos amores /
Mención de responsabilidad, etc. novela original de Trindade Coelho ; traducción del portugués y prólogo por Angel Guerra ; ilustraciones de Luis Palao.
260 ## - PUBLICACIÓN, DISTRIBUCIÓN, ETC.
Lugar de publicación, distribución, etc. Madrid :
Nombre del editor, distribuidor, etc. [s.n.,
Fecha de publicación, distribución, etc. 1907?] (
Fabricante Imp. de la Biblioteca Patria)
300 ## - DESCRIPCIÓN FÍSICA
Extensión XV, 114, 28 p. ;
Dimensiones 18 cm.
490 1# - MENCIÓN DE SERIE
Mención de serie Biblioteca patria ;
Designación de volumen o secuencia 37
500 ## - NOTA GENERAL
Nota general Fecha, 1907, tomada de la p. XV.
700 1# - ENTRADA AGREGADA--NOMBRE PERSONAL
Nombre de persona Guerra, Angel.
9 (RLIN) 60483
700 1# - ENTRADA AGREGADA--NOMBRE PERSONAL
Nombre de persona Palao, Luis.
9 (RLIN) 88472
830 0# - PUNTO DE ACCESO ADICIONAL DE SERIE-TÍTULO UNIFORME
Título uniforme Biblioteca patria ;
Designación de volumen o secuencia 37
9 (RLIN) 183429
852 ## - LOCALIZACIÓN
Ubicación ES-MaACL
Número de control de estantería D-2433
Holdings
Estatus retirado Estado de pérdida Estado de daño No para préstamo Biblioteca de origen Biblioteca actual Ubicación en estantería Fecha de adquisición Fuente de adquisición Total de préstamos Signatura topográfica completa Código de barras Visto por última vez Precio de reemplazo Tipo de ítem Koha
        Biblioteca del Ateneo de Madrid Biblioteca del Ateneo de Madrid Sala Valle Inclán 17/01/2008     D-2433 901047777 23/02/2023 23/02/2023 Libro impreso